| 000 | 02023cam a22004454i 4500 | ||
|---|---|---|---|
| 003 | PE-LiUPU | ||
| 005 | 20250731184529.0 | ||
| 008 | 150623s1998 miua rb 000 0 eng d | ||
| 020 | _a0802838405 | ||
| 035 | _a(Sirsi) i9780802838407 | ||
| 040 |
_aPE-LiUPU _bspa _cPE-LiUPU _erda |
||
| 049 | _aPRUA | ||
| 082 | 0 | 4 |
_a930 _221 _bA541 |
| 245 | 0 | 0 |
_aAncient history in a modern university : proceedings of a conference held at Macquarie University, 8-13 July, 1993 : to mark twenty-five years of the teaching of ancient history at Macquarie University and the retirement from the chair of professor Edwin Judge : _bThe ancient Near East, Greece, and Rome / _ceditado por T.W. Hillard .. [et al.]. |
| 264 | 1 |
_aMichigan : _bWilliam B. Eerdmans Publishing Company, _c1998. |
|
| 300 |
_a435 páginas : _bilustraciones láms. ; _c25 centímetros |
||
| 336 |
_atext _2rdacontent |
||
| 337 |
_aunmediated _2rdamedia |
||
| 338 |
_avolume _2rdacarrier |
||
| 504 | _aBibliografía al pie de páginas. | ||
| 505 | 0 | _aThe study of antiquity: vaious approaches to antiquity -- The archaeology and history of the ancient near east : the people of ancient egypt -- Anatolia, Mesopotamia and Syria/Palestine -- Greek and Roman history: archaic and classical Greece -- Alexander and Hellenism in Egypt -- The Roman state and people -- Roman in the Mid-First century B.C. -- The age off the caesars: literature and archaeology -- The classical tradition. | |
| 526 | _aP136 | ||
| 526 | _aP135 | ||
| 526 | _aP134 | ||
| 526 | _aP133 | ||
| 526 | _aP144 | ||
| 526 | _aP143 | ||
| 526 | _aP87 | ||
| 526 | _aP35 | ||
| 526 | _aP20 | ||
| 526 | _aP14 | ||
| 526 | _aP10 | ||
| 526 | _aP06 | ||
| 650 | 1 | 4 |
_aHistoria Antigua _xCongresos. |
| 700 | 1 |
_aHillard, T. W., _ed. |
|
| 942 |
_2ddc _cBOOK |
||
| 949 |
_a930 A14 _wDEWEY _c1 _i44854 _lCCODEBUL1 _mBUL _r0 _sY _tBOOK _u2015-6-24 _xTEOLOGIA _0COMPRA _o.STAFF. Colección Teología |
||
| 980 |
_81 _gALBERTO SANCHEZ Responsable de Automatización |
||
| 999 |
_c21728 _d21728 |
||